[Event "Reunion op 07th"]
[Site "Reunion"]
[Date "2004.10.10"]
[Round "2"]
[White "Mathieux, Gabrielle"]
[Black "Adras, Cedric"]
[Result "0-1"]
[WhiteElo "1199"]
[BlackElo "1390"]
[PlyCount "106"]
[EventDate "2004.10.09"]
[EventType "swiss"]
[EventRounds "9"]
[EventCountry "RUF"]
[SourceTitle "CBM 102 Extra"]
[Source "ChessBase"]
[SourceDate "2004.11.03"]
[SourceVersion "1"]
[SourceVersionDate "2004.11.03"]
[SourceQuality "1"]

1. e4 d6 2. d4 g6 3. Nf3 Bg7 4. Be3 Nc6 5. Nc3 e6 6. Bc4 Nge7 7. 0-0 d5 8. exd5 Nxd5 9. Nxd5 exd5 10. Bb5 0-0 11. Re1 Bg4 12. Be2 Qf6 13. h3 Bxf3 14. Bxf3 Rad8 15. c3 Rfe8 16. Qd2 Qd6 17. Bf4 Rxe1+ 18. Rxe1 Qf8 19. Qe3 Rd7 20. b3 Re7 21. Qd2 Rxe1+ 22. Qxe1 Qd8 23. Qd2 Ne7 24. Be3 Nf5 25. c4 Nxe3 26. fxe3 c6 27. e4 dxe4 28. Bxe4 Qxd4+ 29. Qxd4 Bxd4+ 30. Kf1 Kg7 31. g4 Kf6 32. Kg2 Ke5 33. Bf3 Kf4 34. h4 h6 35. h5 gxh5 36. gxh5 Bf6 37. Be2 Bg5 38. Kf1 Ke3 39. Bg4 c5 40. a3 Kd4 41. Be2 Kc3 42. Bd1 b6 43. Ke2 f5 44. Kf2 f4 45. Kf1 Kb2 46. b4 Kxa3 47. bxc5 bxc5 48. Kg2 Kb4 49. Be2 a5 50. Bd3 a4 51. Bc2 a3 52. Bb1 Kxc4 53. Kf2 Kb3 0-1

[Event "Reunion op 07th"]
[Site "Reunion"]
[Date "2004.10.09"]
[Round "1"]
[White "Kourbanhoussen, Kassim"]
[Black "Mathieux, Gabrielle"]
[Result "1-0"]
[WhiteElo "1680"]
[BlackElo "1199"]
[PlyCount "88"]
[EventDate "2004.10.09"]
[EventType "swiss"]
[EventRounds "9"]
[EventCountry "RUF"]
[SourceTitle "CBM 102 Extra"]
[Source "ChessBase"]
[SourceDate "2004.11.03"]
[SourceVersion "1"]
[SourceVersionDate "2004.11.03"]
[SourceQuality "1"]

1. d4 d5 2. c4 c6 3. Nc3 e6 4. Nf3 Nf6 5. Bg5 h6 6. Bh4 Bb4 7. a3 Ba5 8. b4 Bc7 9. Qa4 Bd7 10. Ne5 c5 11. Nxd7 Qxd7 12. Qxd7+ Nbxd7 13. bxc5 b6 14. Nb5 Rc8 15. Bxf6 Nxf6 16. cxb6 Bxb6 17. Nd6+ Kd7 18. Nxc8 Kxc8 19. e3 Re8 20. Bd3 Bc7 21. h3 e5 22. 0-0 exd4 23. exd4 Bb6 24. c5 Ba5 25. Rab1 Kc7 26. Ba6 Bc3 27. Rfd1 Re4 28. Rb7+ Kc6 29. Rxa7 Bxd4 30. Rxf7 Nh5 31. Rf5 Nf6 32. a4 Bxc5 33. Bb5+ Kd6 34. a5 Re7 35. Bc4 Re5 36. Rxe5 Kxe5 37. Bb5 Kd6 38. a6 Kc7 39. Rc1 Ne4 40. Rc2 Kb6 41. Bd3 Bxf2+ 42. Rxf2 Nxf2 43. Kxf2 d4 44. Kf3 g5 1-0